| 000 | 00651nam a22002057a 4500 | ||
|---|---|---|---|
| 001 | 81677 | ||
| 003 | BD-RjUL | ||
| 005 | 20230813114112.0 | ||
| 008 | 230813s195? p ||||| |||| 00| 0 ur d | ||
| 035 | _a(BD-RjUL)81677 | ||
| 040 |
_aBD-RjUL _beng _cBD-RjUL |
||
| 041 | _aurd | ||
| 082 |
_223 _a891.4393 _bKHI 195? |
||
| 100 |
_aKhan, Sir Syed Ahmed ;; خان٫ سر سید احمد _98323 |
||
| 245 |
_aانتخاب مضامين سرسيد برے ;; Intekhab i sir sayed / _cSir sayed ahmad ;; سر سید احمد خاں |
||
| 260 |
_alahore : _bfarman Ali , _c195? |
||
| 300 |
_a125 p. . ; _c19 cm |
||
| 650 | _aUrdu Literature | ||
| 942 |
_2ddc _cBK |
||
| 999 |
_c81677 _d81677 |
||